Blind Spot Southeast Asia and Australia's Future; Quarterly Essay 101

Enregistré dans:
Détails bibliographiques
Auteur principal: Wesley, Michael
Format: Livre
Langue:anglais
Publié: 2026, ppb.
Tags: Ajouter un tag
Pas de tags, Soyez le premier à ajouter un tag!

MARC

LEADER 00000nam a2200000 4500
001 0315579
005 20260325144652.4
020 |a 9781760645793 
041 0 |a eng 
245 1 0 |a Blind Spot  |b Southeast Asia and Australia's Future; Quarterly Essay 101  |c Michael Wesley 
264 1 |c 2026, ppb. 
100 1 |a Wesley, Michael